Marvel Villains by Hero: Ultimate #1 - Statistics

General Stats
  • This quiz has been taken 69 times
  • The average score is 10 of 13
Answer Stats
Hint Answer % Correct
Spider-Man Green Goblin
88%
Captain America Red Skull
88%
X-Men Magneto
86%
Hulk Abomination
84%
Avengers (Based on the 3rd Movie) Thanos
82%
Fantastic Four Doctor Doom
80%
Doctor Strange Dormammu
80%
Thor Loki
80%
Ant-Man & The Wasp Yellowjacket
80%
Guardians of the Galaxy Ronan the Accuser
73%
Daredevil Bullseye
69%
Black Panther Man-Ape
69%
Iron Man Mandarin
63%
No matching quizzes found
Score Distribution
Percent of People with Each Score
Percentile by Number Answered
Your Score History
You have not taken this quiz